| 000 | 00404nam a2200145Ia 4500 | ||
|---|---|---|---|
| 008 | 230917s9999||||xx |||||||||||||| ||und|| | ||
| 040 |
_e76359 _aMAIN |
||
| 041 | _aEnglish | ||
| 082 | _a658.42 N224E | ||
| 100 | _aNaumes, William | ||
| 245 | 0 | _aEntrepreneurial manager in the small business: Text, readings and cases | |
| 260 |
_aReading _bAddison-Wesley _c1978 |
||
| 300 | _axiv, 508 p. | ||
| 942 | _cBK | ||
| 999 |
_c199364 _d199364 |
||